| 000 | 00665nam a2200193 i 4500 | ||
|---|---|---|---|
| 001 | 136840 | ||
| 003 | ES-MaACL | ||
| 005 | 20260113171852.0 | ||
| 007 | t| | ||
| 008 | 070214s1960 sp r ||||1| spa d | ||
| 100 | 0 |
_aSagüés Azcona, Pío. _9101467 |
|
| 245 | 1 | 3 |
_aEl padre José Areso _b: misionero y restaurador : (1797-1878) / _cPío Sagües Azcona ; prólogo de Marqués de Montesa. |
| 260 |
_aMadrid : _bCisneros, _c1960. |
||
| 300 |
_a482 p., 3 lám. : _bil. ; _c23 cm. |
||
| 600 | 1 | 7 |
_aAreso, José, _d1797-1878 _2 _9165165 |
| 700 | 1 |
_aMarichalar, Antonio, _d1893-1973 _976704 |
|
| 852 |
_aES-MaACL _jC-21291 _bR.49772 |
||
| 999 |
_c136840 _d136840 |
||